NLSUI OPAC header image

The global covenant : (Record no. 18547)

MARC details
000 -LEADER
fixed length control field 00771cam a22002534a 4500
001 - CONTROL NUMBER
control field 11958759
003 - CONTROL NUMBER IDENTIFIER
control field OSt
005 - DATE AND TIME OF LATEST TRANSACTION
control field 20260430081345.0
008 - FIXED-LENGTH DATA ELEMENTS--GENERAL INFORMATION
fixed length control field 000330s2000 enk b 001 0 eng
010 ## - LIBRARY OF CONGRESS CONTROL NUMBER
LC control number 00037486
020 ## - INTERNATIONAL STANDARD BOOK NUMBER
International Standard Book Number 0198296258
040 ## - CATALOGING SOURCE
Transcribing agency .
082 00 - DEWEY DECIMAL CLASSIFICATION NUMBER
Classification number 327.101 JAC
100 1# - MAIN ENTRY--PERSONAL NAME
Personal name Jackson, Robert H.
245 14 - TITLE STATEMENT
Title The global covenant :
Remainder of title human conduct in a world of states /
Statement of responsibility, etc. Robert Jackson.
260 ## - PUBLICATION, DISTRIBUTION, ETC.
Place of publication, distribution, etc. New York :
Name of publisher, distributor, etc. Oxford University Press,
Date of publication, distribution, etc. 2000.
300 ## - PHYSICAL DESCRIPTION
Extent xvi, 464 p. ;
Dimensions 24 cm.
365 ## - TRADE PRICE
Price amount Rs.1,720
650 #0 - SUBJECT ADDED ENTRY--TOPICAL TERM
Topical term or geographic name entry element International relations.
650 #0 - SUBJECT ADDED ENTRY--TOPICAL TERM
Topical term or geographic name entry element International organization.
650 #0 - SUBJECT ADDED ENTRY--TOPICAL TERM
Topical term or geographic name entry element World politics
Chronological subdivision 1989-
856 41 - ELECTRONIC LOCATION AND ACCESS
Materials specified Table of contents
Uniform Resource Identifier <a href="http://www.loc.gov/catdir/enhancements/fy0610/00037486-t.html">http://www.loc.gov/catdir/enhancements/fy0610/00037486-t.html</a>
942 ## - ADDED ENTRY ELEMENTS (KOHA)
Source of classification or shelving scheme Dewey Decimal Classification
Koha item type BOOKs
Holdings
Withdrawn status Lost status Source of classification or shelving scheme Damaged status Not for loan Home library Current library Shelving location Date acquired Cost, normal purchase price Total Checkouts Full call number Barcode Date last seen Price effective from Koha item type
    Dewey Decimal Classification     . . General Stacks 30.05.2017 1720.00   327.101 JAC 16682 30.05.2017 30.05.2017 BOOKs